Ein Tag in Hainbach Op. 132 Idylle für Pianoforte /
| Main Author: | Kafka, Jan Nepomuk, 1819-1886 |
|---|---|
| Language: | No linguistic content |
| Published: |
Breslau : Hainauer, [1890?] |
| Physical Description: |
9 s. |
| LEADER | 00692ncm a22002052a 4500 | ||
|---|---|---|---|
| 001 | 001226126 | ||
| 003 | CZ BrMZK | ||
| 005 | 20120625123122.0 | ||
| 007 | qu | ||
| 008 | 120625s1890 pl |||||||||||||||||zxx d | ||
| 040 | |a BOA001 |b cze | ||
| 072 | 7 | |a 786 |x Hudba pro klávesové nástroje |2 Konspekt |9 9 | |
| 100 | 1 | |a Kafka, Jan Nepomuk, |d 1819-1886 |7 jx20091013003 |4 cmp | |
| 245 | 1 | 4 | |a Ein Tag in Hainbach Op. 132 |h [hudebnina] : |b Idylle für Pianoforte / |c Jan Nepomuk Kafka |
| 260 | |a Breslau : |b Hainauer, |c [1890?] | ||
| 300 | |a 9 s. | ||
| 910 | |a BOA001 |b Mus4-0420.811 | ||
| 990 | |a MU | ||
| 991 | |b 201206 | ||
| 996 | 6 | |b 2619054652 |c Mus4-0420.811 |l MZK |r Sklad / do 1 hodiny |n 0 |p W |w 001260035 |u 000010 |a 1 |e BOA001 |j MZK50 |s P | |
English
Čeština 